Perdana-perdana Menteri

Bibliographic Details
Main Author: Sulaiman Zakaria
Format: Book
Published: Kuala Lumpur : Cahaya Kesturi (M) Sdn. Bhd. , 2007
Series:Siri pejuang dan pengisi kemerdekaan
Subjects:

MARC

LEADER 00000cam a2200000 7i4500
001 0000110012
005 20070711.0
020 |a 9789833479870 
090 0 0 |a 372.832   |b SUL 
100 0 |a Sulaiman Zakaria 
245 1 0 |a Perdana-perdana Menteri   |c Sulaiman Zakaria 
260 |a Kuala Lumpur :   |b Cahaya Kesturi (M) Sdn. Bhd. ,   |c 2007 
300 |a 40p. :   |b ill. ;   |c 21cm. 
490 0 |a Siri pejuang dan pengisi kemerdekaan 
650 0 0 |a Prime Ministers   |x Biography   |x Juvenile literature   |z Malaysia 
999 |a 00204551   |b BUKU   |c MALAYSIANA   |e PERPUSTAKAAN KOMUNITI PETALING JAYA